Political declaration and Madrid international plan of action on ageing

保存先:
書誌詳細
フォーマット: 図書
言語:英語
出版事項: Nueva York United Nations 2003
主題:
タグ: タグ追加
タグなし, このレコードへの初めてのタグを付けませんか!

MARC

LEADER 00000nam a2200000 a 4500
001 UCK4622
003 CL-VaPUC
008 050617e20030000US |||||||||||||||||eng|d
082 0 4 |a 305.26  |b POL  |2 21 
245 1 0 |a Political declaration and Madrid international plan of action on ageing 
300 |a 53 p 
942 |c BK 
945 |d 20050617 00:00:00  |a cmena 
260 |a Nueva York  |b United Nations  |c 2003 
650 0 |a Vejez   |9 307287 
650 0 |a Tercera edad   |9 307285 
650 0 |a Salud mental  |9 308393 
650 0 |a Política gubernamental  |9 262286 
650 0 |a Bienestar social   |9 255298 
650 0 |a Cooperación internacional  |9 255447 
583 |a last modification  |c 20050617 00:00:00  |k Rodrigo Vera 
999 |c 313445  |d 313443 
952 |0 0  |1 0  |4 0  |6 305_260000000000000_POL_2003  |7 0  |8 A  |9 384784  |a BIBEDU  |b BIBEDU  |d 2019-11-22  |i 408733K  |o 305.26 POL 2003  |p 408733K  |r 2019-11-22  |w 2019-11-22  |y BK  |k EBA